The power of speech. (Record no. 61085)
[ view plain ]
| 000 -LEADER | |
|---|---|
| fixed length control field | 01026cam a2200181 4500 |
| 001 - CONTROL NUMBER | |
| control field | WB3524-42 |
| 008 - FIXED-LENGTH DATA ELEMENTS--GENERAL INFORMATION | |
| fixed length control field | 000000n1999 000 0 eng u |
| 035 ## - SYSTEM CONTROL NUMBER | |
| System control number | (Sirsi) u101992 |
| 245 #4 - TITLE STATEMENT | |
| Title | The power of speech. |
| 260 ## - PUBLICATION, DISTRIBUTION, ETC. | |
| Date of publication, distribution, etc. | 1999 |
| 490 ## - SERIES STATEMENT | |
| Series statement | Estates Gazette |
| Volume/sequential designation | (9924) 19 June 1999, 154(1) |
| 520 ## - SUMMARY, ETC. | |
| Summary, etc. | Discusses Parc Battersea Ltd v Hutchinson in which H had a oral agreement for a sublease for a term in excess of the headlease. The defendant argued that the oral agreement had been of no effect at all, and therefore H, by going into possession and paying rent, had the benefit of a protected (sub)tenancy under the Landlord and Tenant Act 1954 part II. However it was held that such an agreement can operate as an assignment of the remainder of the term. In order to do so it is essential that the sublease would otherwise be effective in its own right. |
| 650 ## - SUBJECT ADDED ENTRY--TOPICAL TERM | |
| Topical term or geographic name entry element | PARC BATTERSEA LTD V HUTCHINSON |
| 650 ## - SUBJECT ADDED ENTRY--TOPICAL TERM | |
| Topical term or geographic name entry element | ORAL AGREEMENT |
| 650 ## - SUBJECT ADDED ENTRY--TOPICAL TERM | |
| Topical term or geographic name entry element | Contracts |
| 9 (RLIN) | 6232 |
| 690 ## - LOCAL SUBJECT ADDED ENTRY--TOPICAL TERM (OCLC, RLIN) | |
| Topical term or geographic name as entry element | PROPERTY-LANDLORD AND TENANT |
| 942 ## - ADDED ENTRY ELEMENTS (KOHA) | |
| Suppress in OPAC | 0 |
| Withdrawn status | Lost status | Source of classification or shelving scheme | Damaged status | Not for loan | Home library | Current library | Shelving location | Date acquired | Total Checkouts | Full call number | Barcode | Date last seen | Copy number | Price effective from | Koha item type |
|---|---|---|---|---|---|---|---|---|---|---|---|---|---|---|---|
| Dewey Decimal Classification | London | London | News article | 15/11/1999 | WB3524-42 | 101992-1001 | 06/08/2019 | 1 | 06/08/2019 | News article |